| 000 -LEADER |
| fixed length control field |
01418cam a2200325 a 4500 |
| 001 - CONTROL NUMBER |
| control field |
2362641 |
| 003 - CONTROL NUMBER IDENTIFIER |
| control field |
OSt |
| 005 - DATE AND TIME OF LATEST TRANSACTION |
| control field |
20250204110916.0 |
| 008 - FIXED-LENGTH DATA ELEMENTS--GENERAL INFORMATION |
| fixed length control field |
220606s2018 nyua b 000 1 eng d |
| 020 ## - INTERNATIONAL STANDARD BOOK NUMBER |
| International Standard Book Number |
9781635650488 |
| Qualifying information |
(hbk.) : |
| Terms of availability |
US$17.99 |
| 020 ## - INTERNATIONAL STANDARD BOOK NUMBER |
| International Standard Book Number |
1635650488 |
| Qualifying information |
(hbk.) |
| 040 ## - CATALOGING SOURCE |
| Original cataloging agency |
YDX |
| Language of cataloging |
eng |
| Transcribing agency |
YDX |
| Modifying agency |
BTCTA |
| -- |
BDX |
| -- |
CHILD |
| -- |
LEHIC |
| -- |
CO2 |
| -- |
OCP |
| -- |
VHP |
| -- |
OCLCO |
| -- |
UAP |
| -- |
TI2 |
| -- |
OCLCF |
| -- |
DF$ |
| -- |
TCPL |
| Description conventions |
aacr2 |
| 042 ## - AUTHENTICATION CODE |
| Authentication code |
nbic |
| 050 14 - LIBRARY OF CONGRESS CALL NUMBER |
| Classification number |
PZ7.1.R82114 |
| Item number |
No 2018 |
| 082 0# - DEWEY DECIMAL CLASSIFICATION NUMBER |
| Classification number |
813.6 |
| Item number |
R896 |
| 100 1# - MAIN ENTRY--PERSONAL NAME |
| Personal name |
Rubin, Elycia. |
| 245 10 - TITLE STATEMENT |
| Title |
No biggy! : |
| Remainder of title |
a story about overcoming everyday obstacles / |
| Statement of responsibility, etc. |
words by Elycia Rubin ; pictures by Josh Talbot. |
| 246 3# - VARYING FORM OF TITLE |
| Title proper/short title |
No biggie! |
| 246 30 - VARYING FORM OF TITLE |
| Title proper/short title |
A story about overcoming everyday obstacles. |
| 260 ## - PUBLICATION, DISTRIBUTION, ETC. |
| Place of publication, distribution, etc. |
New York, New York : |
| Name of publisher, distributor, etc. |
Rodale Kids, an imprint of Rodale Books, |
| Date of publication, distribution, etc. |
2018. |
| 300 ## - PHYSICAL DESCRIPTION |
| Extent |
[32] p. : |
| Other physical details |
col. ill. ; |
| Dimensions |
26 cm. |
| 520 ## - SUMMARY, ETC. |
| Summary, etc. |
Getting frustrated is a part of life! And, whether Kiki is working on squeezing toothpaste right onto her toothbrush, getting the zipper to slide all the way up her jacket, or spreading cream cheese on a bagel, she learns that taking a deep breath, saying No Biggy! and trying again helps manage frustration. |
| 650 #0 - SUBJECT ADDED ENTRY--TOPICAL TERM |
| Topical term or geographic name entry element |
Persistence |
| Form subdivision |
Juvenile fiction. |
| 650 #0 - SUBJECT ADDED ENTRY--TOPICAL TERM |
| Topical term or geographic name entry element |
Conduct of life |
| Form subdivision |
Juvenile fiction. |
| 650 #0 - SUBJECT ADDED ENTRY--TOPICAL TERM |
| Topical term or geographic name entry element |
Parent and child |
| Form subdivision |
Juvenile fiction. |
| 653 ## - INDEX TERM--UNCONTROLLED |
| Uncontrolled term |
英語學習 |
| 653 ## - INDEX TERM--UNCONTROLLED |
| Uncontrolled term |
青少年 |
| 700 1# - ADDED ENTRY--PERSONAL NAME |
| Personal name |
Talbot, Josh. |
| 942 ## - ADDED ENTRY ELEMENTS (KOHA) |
| Source of classification or shelving scheme |
|
| Koha item type |
Books - Fiction |